000 00692nam a2200241Ia 4500
003 OSt
005 20220918215748.0
006 a|||||r|||| 00| 0
007 ta
008 220917b |||||||| |||| 00| 0 eng d
024 _a142,545
037 _cTextual
040 _aARTS
_cARTS
_beng
041 _2eng
_aeng
082 _aY1:45:6(SM95), J6
100 _aAlexander Franz
245 0 _aCriminal the judge and the public
_b A psychological analysis tr by Gregory Zilboorg
260 _aNA
_bNA
_c1956
650 _aSOCIOLOGY
700 _a Staub Hugo
_9135135
942 _hY1:45:6(SM95), J6
_cTEXL
_2CC
999 _c265503
_d265503